| 000 | 01044nam a2200265 a 4500 | ||
|---|---|---|---|
| 001 | 47158 | ||
| 003 | BD-RjUL | ||
| 005 | 20211209054252.0 | ||
| 008 | 160807s1966 pk ||||| |||| 00| 0dben d | ||
| 020 | _c: PRs.4.50 | ||
| 035 | _a(BD-RjUL)47277 | ||
| 040 |
_aBD-RjUL _bben _cBD-RjUL _dBD-RjUL |
||
| 041 | _aben | ||
| 082 |
_223 _a297.63 _bAHI 1966 |
||
| 100 | 1 |
_aআহ্ছানউল্লা, খান বাহাদুর _9143607 |
|
| 245 | 1 | 0 |
_aইছলাম ও আদর্শ মহাপুরুষ / _cখান বাহাদুর আহ্ছানউল্লা |
| 250 | _a২য় সং. | ||
| 260 |
_aঢাকা : _bঢাকা আহছানিয়া মিশন, _c[১৯৬৬] |
||
| 300 |
_a[২৪], ২৭৩ পৃ. : _bচিত্র ; _c১৮ সেমি. |
||
| 600 |
_aহযরত মুহাম্মদ (সা) _xজীবনী _9237223 |
||
| 600 |
_aHazrat Muhammad (SM) _xBiography _9237224 |
||
| 650 |
_aইসলাম _9143608 |
||
| 650 |
_aIslam _9143609 |
||
| 942 |
_2ddc _cBK |
||
| 999 |
_c47158 _d47158 |
||